Nói về cái đầu tôi

Tác phẩm chọn lọc dành cho thiếu nhi; Giới thiệu một số truyện ngắn nổi tiếng viết cho thiếu nhi của nhà văn Tô Hoài trước năm 1945: Khách nợ, Nhà nghèo, Vợ chồng trẻ con, Nói về cái đầu tôi......

Popoln opis

Shranjeno v:
Bibliografske podrobnosti
Glavni avtor: Tô, Hoài
Format: Knjiga
Jezik:Undetermined
Izdano: H. Kim Đồng 2012
Teme:
Online dostop:http://lrc.tdmu.edu.vn/opac/search/detail.asp?aID=2&ID=16909
Oznake: Označite
Brez oznak, prvi označite!
Thư viện lưu trữ: Trung tâm Học liệu Trường Đại học Thủ Dầu Một
LEADER 00934nam a2200205Ia 4500
001 TDMU_16909
008 210410s9999 xx 000 0 und d
082 |a 895.922 301 
090 |b T450 
100 |a Tô, Hoài 
245 0 |a Nói về cái đầu tôi 
245 0 |c Tô hoài 
260 |a H. 
260 |b Kim Đồng 
260 |c 2012 
300 |a 162tr. 
520 |a Tác phẩm chọn lọc dành cho thiếu nhi; Giới thiệu một số truyện ngắn nổi tiếng viết cho thiếu nhi của nhà văn Tô Hoài trước năm 1945: Khách nợ, Nhà nghèo, Vợ chồng trẻ con, Nói về cái đầu tôi... 
650 |a Truyện ngắn Việt Nam; Văn học Việt Nam  |x Truyện ngắn 
856 |u http://lrc.tdmu.edu.vn/opac/search/detail.asp?aID=2&ID=16909 
980 |a Trung tâm Học liệu Trường Đại học Thủ Dầu Một